000 00360nam a2200133Ia 4500
008 240624s9999 xx 000 0 und d
041 _aeng
082 _a658.85 ROB
100 _aROBERTSON KELLEY
245 _aSECRETS OF POWER SELLING 101 TIPS TO HEL
260 _c2007
_aNew Jersey
_bJohn Wiley and Sons
300 _axi, : 243 : p. : cm. ; 23
365 _c
_b28
999 _c7396
_d7396